<?xml version="1.0" encoding="UTF-8"?><?xml-stylesheet type="text/xsl" href="static/style.xsl"?><OAI-PMH xmlns="http://www.openarchives.org/OAI/2.0/" xmlns:xsi="http://www.w3.org/2001/XMLSchema-instance" xsi:schemaLocation="http://www.openarchives.org/OAI/2.0/ http://www.openarchives.org/OAI/2.0/OAI-PMH.xsd"><responseDate>2026-06-07T15:53:13Z</responseDate><request verb="GetRecord" identifier="oai:docta.ucm.es:20.500.14352/55568" metadataPrefix="marc">https://docta.ucm.es/rest/oai/request</request><GetRecord><record><header><identifier>oai:docta.ucm.es:20.500.14352/55568</identifier><datestamp>2023-09-14T08:51:29Z</datestamp><setSpec>com_20.500.14352_14</setSpec><setSpec>col_20.500.14352_22</setSpec></header><metadata><record xmlns="http://www.loc.gov/MARC21/slim" xmlns:dcterms="http://purl.org/dc/terms/" xmlns:xsi="http://www.w3.org/2001/XMLSchema-instance" xmlns:doc="http://www.lyncode.com/xoai" xsi:schemaLocation="http://www.loc.gov/MARC21/slim http://www.loc.gov/standards/marcxml/schema/MARC21slim.xsd">
   <leader>00925njm 22002777a 4500</leader>
   <datafield ind2=" " ind1=" " tag="042">
      <subfield code="a">dc</subfield>
   </datafield>
   <datafield ind2=" " ind1=" " tag="720">
      <subfield code="a">Ortega Román, Juan José</subfield>
      <subfield code="e">author</subfield>
   </datafield>
   <datafield ind2=" " ind1=" " tag="260">
      <subfield code="c">2004</subfield>
   </datafield>
   <datafield ind2=" " ind1=" " tag="520">
      <subfield code="a">La presente tesis se centra en el estudio de la vida y obra del escritor rumano Dinicu Golescu (1777-1830) y más concretamente de Insemnare a calatoriei mele (Diario de mis viajes) (1826), el primer libro de viajes de la literatura rumana. El trabajo de investigación ha querido ser el estudio de la obra en sí, desde el punto de vista gramatical, léxico, literario, sociológico ..., pero al mismo tiempo nos hemos propuesto realizar un ejercicio de comparación literaria con otros libros de viajes, rumanos y no rumanos, contemporáneos y no contemporáneos al autor, con el fin de intentar delimitar las posibles influencias que Dinicu Golescu pudiera recibir a la hora de escribir su libro y las repercusiones que nuestro escritor pudiera tener sobre la literatura rumana de los siglos XIX y XX.</subfield>
   </datafield>
   <datafield ind1="8" ind2=" " tag="024">
      <subfield code="a">978-84-669-1942-5</subfield>
   </datafield>
   <datafield ind1="8" ind2=" " tag="024">
      <subfield code="a">b22091257</subfield>
   </datafield>
   <datafield ind1="8" ind2=" " tag="024">
      <subfield code="a">https://hdl.handle.net/20.500.14352/55568</subfield>
   </datafield>
   <datafield ind2="0" ind1="0" tag="245">
      <subfield code="a">Dinicu Golescu : escritor y viajero por Europa</subfield>
   </datafield>
</record></metadata></record></GetRecord></OAI-PMH>